000 00277nam a22001217a 4500
008 170829b xxu||||| |||| 00| 0 eng d
041 _aeng
080 _25 ED
_a070
100 _a39
101 _aMED
245 _aMASS MEDIA MASS CULTURE
_cWILSON.J/R
942 _2udc
_cBK
999 _c25291
_d25291